| Tag |
First Indicator |
Second Indicator |
Subfields |
| LEADER |
00000cam a2200000 4500 |
| 001 |
in00000060171 |
| 005 |
20151008051608.0 |
| 008 |
750318s1932 nyu b 00000 eng u |
| 010 |
|
|
|a 32008140
|
| 035 |
|
|
|a (OCoLC)01222007
|
| 035 |
|
|
|9 AAG8864AM
|
| 040 |
|
|
|c YOM
|d TXA
|d UtOrBLW
|
| 049 |
|
|
|a TXAM
|c [52027]
|
| 050 |
|
0 |
|a LB875
|b .B38
|
| 082 |
0 |
|
|a 370
|
| 092 |
|
|
|a 370
|b B628i
|
| 100 |
1 |
|
|a Blackhurst, J. Herbert
|q (James Herbert),
|d 1890-
|
| 245 |
1 |
0 |
|a Introducing education /
|c by J. Herbert Blackhurst ...
|
| 264 |
|
1 |
|a New York [etc.] :
|b Longmans, Green and co.,
|c 1932.
|
| 300 |
|
|
|a xiii pages, 1 leaf, 319 pages :
|b illustrations (including portraits, maps) diagrams ;
|c 29 1/2 cm.
|
| 336 |
|
|
|a text
|b txt
|2 rdacontent
|
| 337 |
|
|
|a unmediated
|b n
|2 rdamedia
|
| 338 |
|
|
|a volume
|b nc
|2 rdacarrier
|
| 490 |
0 |
|
|a Longmans' educational series
|
| 500 |
|
|
|a "First edition."
|
| 504 |
|
|
|a "Selected references" at end of most of the chapters.
|
| 650 |
|
0 |
|a Education.
|
| 650 |
|
0 |
|a Education
|z United States
|x History.
|
| 650 |
|
0 |
|a Study skills.
|
| 650 |
|
0 |
|a Teaching.
|
| 999 |
|
|
|a MARS
|
| 999 |
f |
f |
|s 2fc05a34-aafc-3382-a5a0-201f2951f35d
|i 3d4cd031-66ca-3193-86f4-b0e5368b6ec0
|t 0
|
| 952 |
f |
f |
|p ric
|a Texas A&M University
|b Rellis Campus
|c Joint Library Facility
|d Remote Storage
|t 0
|e LB875 .B38
|h Library of Congress classification
|i unmediated -- volume
|m A14800817153
|
| 998 |
f |
f |
|a LB875 .B38
|t 0
|l Remote Storage
|